000 00583nam a2200241 a 4500
003 AR-BaBNM
005 20251128203734.0
008 082120s2002 ||||||||||||||000 | spa||
040 _cAR-BaBNM
100 1 _aRuiz, Juan
_cArcipreste de Hita
245 0 0 _aLibro de buen amor
250 _a3ª ed.
260 _aBuenos Aires
_bEspasa-Calpe
_c1943
300 _a187 p.
490 0 _aAustral
650 4 _aLITERATURA ESPAÑOLA
650 4 _aEDAD MEDIA
653 _aMESTER DE CLERECIA
653 _aPOESIA RELIGIOSA
655 _aLITERATURA
942 _cBK
998 _cisola
999 _c4729
_d4729